000 00684nam a2200289Ia 4500
005 20260324115047.0
008 008 260324s9999 xx 000 0 eng d
020 _a9781003037460
037 _aEBOOK
040 _aCRL
040 _beng
040 _cCRL
041 _2eng
041 _aeng
084 _qCRL
100 _aH.W. Wyld; Gary Powell
_91153207
245 0 _aMathematical Methods for Physics
245 0 _b45th anniversary edition
260 _bTaylor and Francis
260 _c2020
365 _a
365 _b275
856 _uhttp://www.taylorfrancis.com/books/9781003037460
942 _cEBOOK
999 _c1743802
_d1743802